ŠÍRENIE NEISTÔT PRI KALIBRÁCII ETALÓNOVÝCH ODPOROVÝCH SNÍMAČOV TEPLOTY V DEFINIČNÝCH PEVNÝCH BODOCH : Časť 4

Bibliographic Details
Main Authors: Pálenčár, Rudolf, 1949- (Author), Ďuriš, Stanislav, 1959- (Author), Ranostaj, Juraj (Author)
Format: Article
Language:Slovak

MARC

LEADER 00000nab a2200000 a 4500
001 vtls010723642
003 SK-MaSNL
005 20260304193657.0
008 250709s2006 xo |||||||||||||||||slo|
035 |a (urnnbn)urn:nbn:sk:snk:ar-a04ug0 
035 |a (uuid)8fc6efc7-e6bc-4b7b-9f4d-211225eda5fc 
035 |a urn:nbn:sk:snk-ab3nz8 
040 |a SNKBUCL  |b slo  |c SNKBUCL  |e AACR2 
041 0 |a slo 
044 |a xo  |c SK 
100 1 |a Pálenčár, Rudolf,  |d 1949-  |4 aut  |9 193876 
245 1 0 |a ŠÍRENIE NEISTÔT PRI KALIBRÁCII ETALÓNOVÝCH ODPOROVÝCH SNÍMAČOV TEPLOTY V DEFINIČNÝCH PEVNÝCH BODOCH :  |b Časť 4  |c Rudolf Palenčár, Stanislav Ďuriš, Juraj Ranostaj 
700 1 |a Ďuriš, Stanislav,  |d 1959-  |4 aut  |9 215580 
700 1 |a Ranostaj, Juraj  |4 aut  |9 1523949 
773 0 |t Metrológia a skúšobníctvo : odborný časopis pre prax  |g Roč. 11, č. 4 (2006), s. 3-8 
850 |a Slovenská národná knižnica 
852 |a Slovenská národná knižnica 
954 |a odborná, vedecká literatúra pôvodná (slovenská)  |2 lita 
958 |a article1 
958 |a OND 
958 |a EUIPO 
999 |c 3068331  |d 3070261